Statistics for world war 2

Click here to take the quiz!

General Stats

  • This quiz has been taken 18 times
  • The average score is 6 of 8

Answer Stats

QuestionAnswer% Correct
world war 2 was fought between which two years1939-1945
100%
the war began when Germany invaded Poland. what month and year did this happenseptember 1939
89%
which two countries declared war on Germany in 1939britain and france
89%
there was an industrial-scale murder of jews by poison gas. where did it happennazi death camps
89%
which of the following dates is D-dayjune 6, 1944
83%
in 1940, Germany invaded many countries. Which of the following did not get invadednone of them above
67%
on which date did Germany and Italy declare war in the USdecember 11
61%
this country surrendered in September 1943. the German forces occupied ititaly
61%

Score Distribution

Percentile by Number Answered

Percent of People with Each Score

Your Score History

You have not taken this quiz